Ξενοκρατία, μισελληνισμός και υποτέλεια

Αποθηκεύτηκε σε:
Λεπτομέρειες βιβλιογραφικής εγγραφής
Κύριος συγγραφέας: Σιμόπουλος, Κυριάκος, 1921-2001
Μορφή: Βιβλίο
Γλώσσα:Greek
Δημοσίευση: Αθήνα : Στάχυ, c1997
Έκδοση:8η έκδ.
Θέματα:
Ετικέτες: Προσθήκη ετικέτας
Δεν υπάρχουν, Καταχωρήστε ετικέτα πρώτοι!

MARC

LEADER 00000nam a2200000 i 4500
001 1/31965
008 030129s1997 gre d
020 |a 960-7151-64-X 
035 |l 10069253 
040 |a GR-MY-UA  |b gre  |e aacr 
041 0 |a gre 
082 0 |a 938.032 
100 1 |a Σιμόπουλος, Κυριάκος,   |d 1921-2001. 
245 1 0 |a Ξενοκρατία, μισελληνισμός και υποτέλεια /  |c Κυριάκος Σιμόπουλος 
250 |a 8η έκδ. 
260 |a Αθήνα :   |b Στάχυ,   |c c1997 
300 |a 671 σ.;  |c 25 εκ. 
500 |a "Aπό τους Ρωμαίους ως την ΕΟΚ--η Ελλάδα πάντοτε ολομόναχη σε έναν εχθρικό κόσμο--φιλελληνισμός:το μέγα ψεύδος--προστασία και ξενοδουλεία : ένα διαχρονικό σύνδρομο--οι κακουργίες των Μεγάλων Δυνάμεων εναντίον του ελληνικού έθνους--Επεμβάσεις και εξάρτηση : τα αίτια της παρακμής--Μυθεύματα της ελληνικής ιστορίας" 
504 |a Περιέχει βιβλιογραφικές παραπομπές 
650 0 0 |a Benefactors  |x Adversaries. 
651 0 |a Greece  |x Foreign relations  |y 1821-1862. 
651 0 |a Greece  |x Foreign relations  |z Europe. 
651 0 |a Greece  |x History  |y War of Independence, 1821-1829. 
651 0 |a Europe  |x Foreign relations  |z Greece. 
852 |a INST  |b LESVOS  |e 20030129  |h 327.49504 ΣΙΜ  |p 005100026666  |q 005100026666  |t BK  |y 0 
901 |a BIBL1-2003-2 
909 |a Λ  |b 103533 
922 |a 1ΕΛΗ  |b 200212  |c ΤΑΚ/ΚΥΒ  |d ΕΙΡΜΟΣ 
950 |a 023-2002-11-29 
970 |a ΚΑΡΑ  |b ΓΙΑΣΕΜΗ  |z 2003/08/29